| 000 | 01656cab a2200313 4500 | ||
|---|---|---|---|
| 001 | ABS68838 | ||
| 008 | 050314n2005 000 0 eng u | ||
| 035 | _a(Sirsi) u129038 | ||
| 100 | _aHerbert, R. | ||
| 245 | _aMind the gap | ||
| 260 | _c2005 | ||
| 490 |
_aSolicitors' Journal _v149(7) 18 February 2005, 202-203 (2) |
||
| 520 | _aExamines the potential dangers of the period between the purchase and registration of a commercial property; a gap during which the buyer does not always have full ownership rights and cannot necessarily start his intended active management programme for the building. Considers the various problems and issues that could arise during the registration gap:Landlord and Tenant Act 1954 renewals; the granting of new excluded leases; agreements to surrender, break and enforcement notices; forfeiture and notices of assignment. Concludes that e-conveyancing, when it comes fully into operation, will bridge the registration gap by achieving simultaneous completion and transfer of title. | ||
| 590 | _aABS | ||
| 650 | _aSMITH V EXPRESS DAIRY | ||
| 650 | _aSCRIBES WEST V RELSA ANSTALT AND OTHERS | ||
| 650 | _aBROWN AND ROOT TECHNOLOGY LTD AND ANOTHER V SUN ALLIANCE AND LONDON ASSURANCE CO LTD | ||
| 650 | _aEAST LINDSEY DC V THOMPSON | ||
| 650 | _aSCHALIT V NADLER | ||
| 650 | _aSECTION 25 NOTICES | ||
| 650 | _aLAND REGISTRATION ACT 2002 S27(1) | ||
| 650 | _aLANDLORD AND TENANT ACT 1954 S38A | ||
| 650 | _aLAW OF PROPERTY ACT 1925 S141(2) | ||
| 650 | _aFORFEITURE | ||
| 650 | _aENFORCEMENT NOTICES | ||
| 650 | _aBREAK NOTICES | ||
| 690 | _aLANDLORD AND TENANT-BUSINESS TENANCIES | ||
| 942 | _n0 | ||
| 999 |
_c74908 _d74908 |
||